00777nam a2200217 i 4500001000300000100002800003245006900031260006700100300005100167490004900218504001400267650003300281655003000314830002900344020001500373040000800388041000700396080001700403008004100420856009800461bg1 aWIĘCKIEWICZ, Wojciech10aBudowa kadłubów statków morskich /cWojciech Więckiewicz. aGdynia :bDział Wydawnictw Wyższej Szkoły Morskiej,c1999. a200 s., [3] k. tabl. złoż. :bil. ;c21 cm.1 aBudowa i Teoria Okrętu : zeszyt tematyczny aBibliogr. 9aStatkixbudowa i konstrukcje aPodręczniki akademickie 0aBudowa i Teoria Okrętu a8387875554 cBPK0 apl a629.5(075.8) s pl f |000 0 pol  uhttp://koha.tu.koszalin.pl/cgi-bin/koha/opac-detail.pl?biblionumber=39214yKatalog online BPK